A csontgyűjtő

Bibliographic Details
Main Author: Csabai, László, 1969- (Author)
Format: Article
Language:Slovak
Hungarian
PhysicalDescription:Obr.
ISSN:1335-1826
Subjects:

MARC

LEADER 00000nab a2200000 a 4500
001 vtls010031898
003 SK-MaSNL
005 20260304154912.0
008 250507c2009 xo |||||||| |000 b|slo
015 |a SNBRB2009/12  |2 snkbucl 
035 |a (uuid)7c81e030-e6d1-4a6b-9c37-18fbfe01df86 
035 |a urn:nbn:sk:snk-ab1yje 
035 |a (urnnbn)urn:nbn:sk:snk:ar-a018in 
038 |a SNKBUCL 
040 |a SNKBUCL  |b slo  |c SNKBUCL  |e AACR2 
041 0 |a hun 
044 |a xo  |c SK 
080 |a 821.511.141-32=511.141  |2 1997 
100 1 |a Csabai, László,  |d 1969-  |4 aut  |9 1473199 
245 1 0 |a A csontgyűjtő  |c Csabai László 
300 |b Obr. 
650 0 7 |a psychologické poviedky, maďarské  |2 snkbucl  |9 71096 
773 0 |t Kalligram : művészet és gondolat  |g Évf. XVIII, sz. december (2009), o. 10-19  |x 1335-1826 
850 |a Slovenská národná knižnica 
852 |a Slovenská národná knižnica 
958 |a article27 
958 |a OND 
958 |a HU 
958 |a LX 
999 |c 2959813  |d 2961743